[Event "ROM-ch U12"]
[Site "Calimanesti"]
[Date "2014.04.07"]
[Round "2"]
[White "Cristea, Aurelian Gabriel"]
[Black "Neculae, Andrei Fabian"]
[Result "1-0"]
[WhiteElo "1119"]
[BlackElo "1001"]
[PlyCount "133"]
[EventDate "2014.04.06"]
[EventType "swiss"]
[EventRounds "9"]
[EventCountry "ROU"]
[SourceTitle "CBM 160 Extra"]
[Source "ChessBase"]
[SourceDate "2014.07.01"]
[SourceVersion "1"]
[SourceVersionDate "2014.07.01"]
[SourceQuality "1"]

1. e4 e5 2. Nf3 Nc6 3. d4 exd4 4. Nxd4 Nxd4 5. Qxd4 Nf6 6. Bg5 Be7 7. Nc3 0-0 8. e5 Nh5 9. Bxe7 Qxe7 10. 0-0-0 d6 11. exd6 cxd6 12. Qxd6 Qxd6 13. Rxd6 Be6 14. Be2 Nf4 15. Bf3 Rab8 16. Rhd1 h6 17. R6d4 Ng6 18. g3 Ne5 19. Bg2 Ng4 20. Ne4 Bxa2 21. b3 Rbc8 22. Kb2 Bxb3 23. cxb3 a6 24. f3 Ne3 25. R1d2 Nxg2 26. Rxg2 Rfd8 27. Rxd8+ Rxd8 28. Rc2 b5 29. Nc5 Rd6 30. Ne4 Re6 31. Rd2 f5 32. Nc3 Re3 33. f4 b4 34. Na4 a5 35. Nc5 g5 36. fxg5 hxg5 37. Nb7 a4 38. bxa4 Ra3 39. a5 f4 40. gxf4 gxf4 41. Rd4 f3 42. Rxb4 Re3 43. Rf4 Re2+ 44. Kc3 f2 45. a6 Kg7 46. a7 Ra2 47. Rxf2 Rxa7 48. Rb2 Ra3+ 49. Kc2 Rh3 50. Kb1 Kg6 51. Rg2+ Kh5 52. Kc2 Re3 53. Nd6 Re1 54. Nf5 Re5 55. Ng3+ Kh4 56. Rd2 Kh3 57. Nf1 Re1 58. Rd3+ Kg2 59. Rd2+ Kh3 60. Rd1 Re2+ 61. Rd2 Re1 62. Rf2 Re4 63. Kd2 Rg4 64. Ke3 Rg2 65. Rxg2 Kxg2 66. h4 Kh3 67. h5 1-0